LEADER 00956nam0-22003131i-450- 001 990004465200403321 005 20141127085519.0 035 $a000446520 035 $aFED01000446520 035 $a(Aleph)000446520FED01 035 $a000446520 100 $a19990604d1870----km-y0itay50------ba 101 0 $aita 105 $ay-------001yy 200 1 $aScritti politici$fGiuseppe La Farina$graccolti e pubblicati da Ausonio Franchi 210 $aMilano$cTip. Gia' Domenico Salvi e C.$d1870 215 $a2 v.$d19 cm 610 0 $aLa Farina Giuseppe - Pensiero politico 676 $a945.083 092 700 1$aLa Farina,$bGiuseppe$f<1815-1863>$0130568 702 1$aFranchi,$bAusonio 801 0$aIT$bUNINA$gRICA$2UNIMARC 901 $aBK 912 $a990004465200403321 952 $aSG 300/B 151 (1)$bR.Bibl. s.i.$fFLFBC 952 $aSG 300/B 151 (2)$bR.Bibl. s.i.$fFLFBC 959 $aFLFBC 996 $aScritti politici$9545252 997 $aUNINA LEADER 01071nam a2200265 i 4500 001 991001327749707536 005 20020507191433.0 008 010529s1998 it ||| | ita 035 $ab10832129-39ule_inst 035 $aLE01310571$9ExL 040 $aDip.to Matematica$beng 084 $aAMS 35J20 084 $aAMS 35K15 100 1 $aFornaro, Simona$0536763 245 10$aSemigruppo del calore e congruenza di domini. Tesi di laurea /$claureanda Simona Fornaro ; relat. Giorgio Metafune 260 $aLecce :$bUniversità degli studi. Facoltà di Scienze. Corso di laurea in Matematica,$ca.a. 1998-99 650 4$aInitial value problems 650 4$aVariational problems 700 1 $aMetafune, Giorgio 907 $a.b10832129$b02-04-14$c28-06-02 912 $a991001327749707536 945 $aLE013 TES 1998/99 FOR1$g1$i2013000127200$lle013$o-$pE0.00$q-$rl$s- $t0$u0$v0$w0$x0$y.i10941204$z28-06-02 996 $aSemigruppo del calore e congruenza di domini. Tesi di laurea$9923708 997 $aUNISALENTO 998 $ale013$b01-01-01$cm$da $e-$fita$git $h0$i1